| 000 | 00962nam a2200241 i 4500 | ||
|---|---|---|---|
| 001 | bg | ||
| 245 | 0 | 0 |
_aKompleksowe zarządzanie logistyczne = _bTotal logistic management : materiały konferencyjne : V Międzynarodowa Konferencja Naukowa, Ustroń 10-13 październik 2001 rok. |
| 260 |
_aCzęstochowa : _bWydaw. WZPC, _c2001. |
||
| 300 |
_a405 s. : _bil., mapy ; _c24 cm. |
||
| 490 | 1 |
_aPrace Wydziału Zarządzania Politechniki Częstochowskiej. Seminaria i Konferencje, _x1428-1597 ; _v6 |
|
| 500 | _aTekst częśc. ang. Streszcz. ang., pol. przy ref. | ||
| 504 | _aBibliogr. przy ref. | ||
| 650 | 9 | _aLogistyka gospodarcza | |
| 655 | _aMateriały konferencyjne | ||
| 830 | 0 |
_aPrace Wydziału Zarządzania Politechniki Częstochowskiej. _pSeminaria i Konferencje ; _v6 |
|
| 020 | _a8388469703 | ||
| 040 | _cBPK | ||
| 041 | 0 |
_aplen _ben |
|
| 080 | _a65.011(061) | ||
| 920 | _a83-88469-70-3 | ||
| 942 | _cKS | ||
| 008 | s pl f |000 0 pol | ||
| 999 |
_c42163 _d42163 |
||
| 856 |
_uhttp://koha.tu.koszalin.pl/cgi-bin/koha/opac-detail.pl?biblionumber=42163 _yKatalog online BPK |
||